A fairer deal for residential long leaseholders? (Record no. 57254)
[ view plain ]
| 000 -LEADER | |
|---|---|
| fixed length control field | 00975cab a2200253 4500 |
| 001 - CONTROL NUMBER | |
| control field | ABS59826 |
| 008 - FIXED-LENGTH DATA ELEMENTS--GENERAL INFORMATION | |
| fixed length control field | 090401t1998 xxu||||| |||| 00| 0 eng d |
| 035 ## - SYSTEM CONTROL NUMBER | |
| System control number | (Sirsi) u90322 |
| 041 ## - LANGUAGE CODE | |
| Language code of text/sound track or separate title | eng |
| 100 ## - MAIN ENTRY--PERSONAL NAME | |
| Personal name | Driscoll, J. |
| 245 #2 - TITLE STATEMENT | |
| Title | A fairer deal for residential long leaseholders? |
| 260 ## - PUBLICATION, DISTRIBUTION, ETC. | |
| Date of publication, distribution, etc. | 1998 |
| 350 ## - PRICE (NR) (BK AM CF MU VM SE) [OBSOLETE] | |
| Price | 0 |
| 490 ## - SERIES STATEMENT | |
| Series statement | New Law Journal |
| Volume/sequential designation | 148(6868) 11 December 1998, 1855-1856(2) |
| 520 ## - SUMMARY, ETC. | |
| Summary, etc. | Discussion following publication of the consultation paper on leasehold reform. The paper makes recommendations for changes to current legislation and contains proposals to extend the management rights of leaseholders. Comments invited by 12 March 1999. |
| 650 ## - SUBJECT ADDED ENTRY--TOPICAL TERM | |
| Topical term or geographic name entry element | CODES OF PRACTICE |
| 650 ## - SUBJECT ADDED ENTRY--TOPICAL TERM | |
| Topical term or geographic name entry element | HOUSING ACT 1996 |
| 650 ## - SUBJECT ADDED ENTRY--TOPICAL TERM | |
| Topical term or geographic name entry element | LEASEHOLD ENFRANCHISEMENT |
| 650 ## - SUBJECT ADDED ENTRY--TOPICAL TERM | |
| Topical term or geographic name entry element | LEASEHOLD MANAGEMENT |
| 650 ## - SUBJECT ADDED ENTRY--TOPICAL TERM | |
| Topical term or geographic name entry element | LEASEHOLD REFORM, HOUSING AND URBAN DEVELOPMENT ACT 1993 |
| 690 ## - LOCAL SUBJECT ADDED ENTRY--TOPICAL TERM (OCLC, RLIN) | |
| Topical term or geographic name as entry element | LANDLORD AND TENANT-LEASEHOLD REFORM |
| 942 ## - ADDED ENTRY ELEMENTS (KOHA) | |
| Suppress in OPAC | 0 |
| 948 ## - LOCAL PROCESSING INFORMATION (OCLC); SERIES PART DESIGNATOR (RLIN) | |
| c (OCLC) | 16/12/1998 |
| Withdrawn status | Lost status | Source of classification or shelving scheme | Damaged status | Not for loan | Home library | Current library | Shelving location | Date acquired | Total Checkouts | Full call number | Barcode | Date last seen | Copy number | Price effective from | Koha item type |
|---|---|---|---|---|---|---|---|---|---|---|---|---|---|---|---|
| Dewey Decimal Classification | London | London | Journal article | 14/09/1999 | ABS59826 | 90322-1001 | 06/08/2019 | 1 | 06/08/2019 | Journal article |